000 00313nam a22001457a 4500
003 SGT
020 _a9789386698186
082 _bNAB
100 _aNABAR B.S
245 _aFORENSIC SCIENCE IN CRIME INVESTIGATION
250 _a3RD
260 _bASIA LAW HOUSE
_c2018
300 _a398
942 _2ddc
_cBK
_0406
999 _c16496
_d16496